Terremotos e incendios / (Registro nro. 3248)
[ vista simple ]
| 000 -LEADER | |
|---|---|
| fixed length control field | 01179nam a2200241Ia 4500 |
| 003 - CONTROL NUMBER IDENTIFIER | |
| control field | PE SENCICO BE |
| 005 - DATE AND TIME OF LATEST TRANSACTION | |
| control field | 20260220195338.0 |
| 008 - FIXED-LENGTH DATA ELEMENTS--GENERAL INFORMATION | |
| fixed length control field | 200515s9999 xx 000 0 und d |
| 040 ## - CATALOGING SOURCE | |
| Original cataloging agency | PE SENCICO BE |
| Transcribing agency | PE SENCICO BE |
| 041 ## - LANGUAGE CODE | |
| Language code of text/sound track or separate title | spa |
| 082 ## - DEWEY DECIMAL CLASSIFICATION NUMBER | |
| Classification number | 303.485 |
| Item number | O77 |
| 100 1# - MAIN ENTRY--PERSONAL NAME | |
| Personal name | Oshiro Higa, Fernando |
| 9 (RLIN) | 191 |
| Relator term | autor |
| 245 10 - TITLE STATEMENT | |
| Title | Terremotos e incendios / |
| Statement of responsibility, etc. | Fernando Oshiro Higa |
| 250 ## - EDITION STATEMENT | |
| Edition statement | [1a ed.] |
| 260 ## - PUBLICATION, DISTRIBUTION, ETC. | |
| Place of publication, distribution, etc. | Lima : |
| Date of publication, distribution, etc. | sin año |
| 300 ## - PHYSICAL DESCRIPTION | |
| Extent | 159 páginas : |
| Other physical details | ilustraciones ; |
| Dimensions | 24 cm. |
| 505 0# - FORMATTED CONTENTS NOTE | |
| Formatted contents note | Terremoto e incendios -- Medidas de prevención -- Resumen gráficos explicativos |
| 520 3# - SUMMARY, ETC. | |
| Summary, etc. | Trabajo dividido en tres partes. La primera, bajo el título de "terremotos e Incendios", nos brinda la introducción a los conocimientos necesarios sobre incendios, su relación con los sismos. La prevención y extinción del fuego, como medio de minimizar los efectos del desastre sísmico. La segunda parte expone los resultados de las investigaciones referentes a nuestra situación, en cualesquiera de las circunstancias en las que nos encontremos. |
| 650 10 - SUBJECT ADDED ENTRY--TOPICAL TERM | |
| Topical term or geographic name entry element | Incendios |
| 9 (RLIN) | 374 |
| 650 20 - SUBJECT ADDED ENTRY--TOPICAL TERM | |
| Topical term or geographic name entry element | Sismos |
| 9 (RLIN) | 372 |
| 650 20 - SUBJECT ADDED ENTRY--TOPICAL TERM | |
| Topical term or geographic name entry element | Desastres naturales |
| 9 (RLIN) | 370 |
| 942 ## - ADDED ENTRY ELEMENTS (KOHA) | |
| Koha item type | Libros |
| Source of classification or shelving scheme | Dewey Decimal Classification |
| Fecha de la última vez que lo usaron | Número de ingreso o de inventario | Pago total | Signatura topográfica completa | Código de barras | Tipo de documento | Estado perdido | Sistema de clasificación | Estado dañado | No es para préstamo | Retirado | Ubicación permanente | Ubicación actual |
|---|---|---|---|---|---|---|---|---|---|---|---|---|
| 15/05/2020 | 2112 | 303.485/O77 | BibLima26012616 | Libros | Dewey Decimal Classification | Biblioteca Central Lima | Biblioteca Central Lima | |||||
| 08/01/2026 | 3319 | 303.485/O77/ej. 2 | BibLima26012617 | Libros | Dewey Decimal Classification | Biblioteca Central Lima | Biblioteca Central Lima | |||||
| 08/01/2026 | 303.485/O77 | BibZtruj26012618 | Libros | Dewey Decimal Classification | Biblioteca Trujillo | Biblioteca Trujillo |